Music Quiz

Random Music or Clickable Quiz

K-Pop Fandom Quiz! Stats

Quiz not verified by Sporcle

Challenge
Share
Tweet
Embed
Score 0/20 Timer 10:00
0 Plays Today
% Correct
EXO-L
96.3%
B2UTY
87.6%
S♥NE
87.4%
Chocolatier
87.3%
Blackjack
85.6%
Pink Panda
83.6%
Hottest
74.4%
Baby
72.6%
Hello Cupid
68.5%
I Am
67.7%
% Correct
Primadonna
59.9%
Elvis
57.7%
Boice
57.6%
Storia
55.4%
Perfection
52.2%
L.E.G.O
44.4%
DAI5Y
40.1%
Let★s
36.1%
Darling
33.2%
Girls High
19.8%

You're not logged in!

Compare scores with friends on all Sporcle quizzes.
Sign Up with Email
OR
Log In

You Might Also Like...

Show Comments

Extras

Top Quizzes Today


Score Distribution

Your Account Isn't Verified!

In order to create a playlist on Sporcle, you need to verify the email address you used during registration. Go to your Sporcle Settings to finish the process.